| 000 | 00649nam a2200217 a 4500 | ||
|---|---|---|---|
| 001 | BRCA_6661 | ||
| 005 | 20190320205539.0 | ||
| 008 | 121011s1950----sp-#######---#000-0#spa-# | ||
| 041 | _aspa | ||
| 044 | _asp | ||
| 050 | 4 |
_aDP402 _b.B8 B87 |
|
| 245 | 1 | 0 |
_aBurgos _bplano guía. |
| 260 |
_aBurgos, España _bLibrería Internacional _c[1950] |
||
| 300 |
_a11 p. _c22 cm. |
||
| 500 | _aFolleto inventariado por Banco de México como libro | ||
| 500 | _aL176 | ||
| 651 | 4 |
_aBurgos, España _vGuías de viajeros _xDescripción y viajes _916676 |
|
| 651 | 4 |
_aEspaña _vGuías de viajeros _xDescripción y viajes _914132 |
|
| 902 | _aGFM | ||
| 942 |
_2lcc _cB |
||
| 999 |
_c6345 _d6345 |
||